<?xml version="1.0" encoding="UTF-8"?>
<collection xmlns="http://www.loc.gov/MARC21/slim">
<record>
  <controlfield tag="001">127508</controlfield>
  <controlfield tag="005">20230907110844.0</controlfield>
  <datafield tag="037" ind1=" " ind2=" ">
    <subfield code="a">TAZ-TFG-2023-486</subfield>
  </datafield>
  <datafield tag="041" ind1=" " ind2=" ">
    <subfield code="a">spa</subfield>
  </datafield>
  <datafield tag="100" ind1="1" ind2=" ">
    <subfield code="a">Aragón Puig, Paula</subfield>
  </datafield>
  <datafield tag="242" ind1="0" ind2="0">
    <subfield code="a">A standardized nursing care plan for neonates suffering from bronchopulmonary dysplasia</subfield>
  </datafield>
  <datafield tag="245" ind1="0" ind2="0">
    <subfield code="a">Plan de cuidados de enfermería estandarizado en neonatos con displasia broncopulmonar</subfield>
  </datafield>
  <datafield tag="260" ind1=" " ind2=" ">
    <subfield code="a">Zaragoza</subfield>
    <subfield code="b">Universidad de Zaragoza</subfield>
    <subfield code="c">2023</subfield>
  </datafield>
  <datafield tag="506" ind1=" " ind2=" ">
    <subfield code="a">by-nc-sa</subfield>
    <subfield code="b">Creative Commons</subfield>
    <subfield code="c">3.0</subfield>
    <subfield code="u">http://creativecommons.org/licenses/by-nc-sa/3.0/</subfield>
  </datafield>
  <datafield tag="520" ind1=" " ind2=" ">
    <subfield code="a">Una de las secuelas del nacimiento prematuro es la displasia broncopulmonar (DBP). Esta es una forma de enfermedad pulmonar crónica que provoca una interrupción en el desarrollo pulmonar y una limitación en la función respiratoria, de origen multifactorial y se asocia a una elevada morbilidad y a una mortalidad del 1.4%. El diagnóstico de DBP se efectúa si durante un período superior a 28 días el neonato ha precisado una FiO2>21% en su tratamiento. Los signos y síntomas de esta patología son dificultad respiratoria, estertores bronquiales y sibilancias. El tratamiento está basado en una correcta oxigenación mediante oxigenoterapia, fármacos fundamentalmente esteroides, broncodilatadores y diuréticos con un adecuado soporte nutricional. &lt;br />El objetivo es diseñar un plan de cuidados de Enfermería Estandarizado con la finalidad de realizar una atención integral al paciente neonato con displasia broncopulmonar.&lt;br />&lt;br /></subfield>
  </datafield>
  <datafield tag="521" ind1=" " ind2=" ">
    <subfield code="a">Graduado en Enfermería</subfield>
  </datafield>
  <datafield tag="540" ind1=" " ind2=" ">
    <subfield code="a">Derechos regulados por licencia Creative Commons</subfield>
  </datafield>
  <datafield tag="700" ind1=" " ind2=" ">
    <subfield code="a">Casanovas Marsal, Josep Oriol</subfield>
    <subfield code="e">dir.</subfield>
  </datafield>
  <datafield tag="710" ind1="2" ind2=" ">
    <subfield code="a">Universidad de Zaragoza</subfield>
    <subfield code="b">Fisiatría y Enfermería</subfield>
    <subfield code="c">Enfermería</subfield>
  </datafield>
  <datafield tag="856" ind1="0" ind2=" ">
    <subfield code="f">801688@unizar.es</subfield>
  </datafield>
  <datafield tag="856" ind1="4" ind2=" ">
    <subfield code="s">1729057</subfield>
    <subfield code="u">http://zaguan.unizar.es/record/127508/files/TAZ-TFG-2023-486.pdf</subfield>
    <subfield code="y">Memoria (spa)</subfield>
  </datafield>
  <datafield tag="909" ind1="C" ind2="O">
    <subfield code="o">oai:zaguan.unizar.es:127508</subfield>
    <subfield code="p">driver</subfield>
    <subfield code="p">trabajos-fin-grado</subfield>
  </datafield>
  <datafield tag="950" ind1=" " ind2=" ">
    <subfield code="a"></subfield>
  </datafield>
  <datafield tag="980" ind1=" " ind2=" ">
    <subfield code="a">TAZ</subfield>
    <subfield code="b">TFG</subfield>
    <subfield code="c">EUCS</subfield>
  </datafield>
  <datafield tag="999" ind1=" " ind2=" ">
    <subfield code="a">20230505183911.CREATION_DATE</subfield>
  </datafield>
  <datafield tag="951" ind1=" " ind2=" ">
    <subfield code="a">deposita:2023-09-07</subfield>
  </datafield>
</record>
</collection>